banner koha

Multiple response optimization of blueberry juice depectinization (Registro n. 329293)

MARC details
000 -LÍDER
fixed length control field 03412nab a2200313 i 4500
003 - CÓDIGO MARC DA AGÊNCIA CATALOGADORA
Campo de controle BR-BrBNA
005 - DATA E HORA DA ÚLTIMA ATUALIZAÇÃO
Campo de controle 20241216211617.0
008 - CAMPO DE TAMANHO FIXO
fixed length control field 241216b2017 bl.mr|pooa||| 00| 0 eng |
040 ## - FONTE DA CATALOGAÇÃO
Agência catalogadora BR-BrBNA
Idioma da catalogação eng
072 ## - CATEGORIA AGRIS
Código AGRIS Q02
Código do objeto 1190
072 ## - CATEGORIA AGRIS
Código AGRIS Q04
100 ## - ENTRADA PRINCIPAL - NOME PESSOAL
Nome pessoal Castagnini, Juan Manuel
100 ## - ENTRADA PRINCIPAL - NOME PESSOAL
Nome pessoal Zapata, Luz Marina
100 ## - ENTRADA PRINCIPAL - NOME PESSOAL
Nome pessoal Quinteros, Carlos Fabio
100 ## - ENTRADA PRINCIPAL - NOME PESSOAL
Nome pessoal Noceti, Alicia
245 ## - TÍTULO PRINCIPAL
Título principal Multiple response optimization of blueberry juice depectinization
500 ## - NOTA GERAL
Nota geral Publicação on-line; 34 ref.; 3 illus; Sumaries (En, Pt)
942 ## - ADDED ENTRY ELEMENTS (KOHA)
Koha item type Analítica
520 ## - NOTA DE RESUMO
Nota de conteúdo <br/><br/>ABSTRACT - To obtain blueberry juice with a high content of antioxidants it is necessary to introduce an enzymatic depectinization step into the process. Due to the importance of this step in the final properties of blueberry juice it is critical that the operation conditions be optimized. The aim of this research was to evaluate the effects of temperature, duration of treatment and enzymatic complex concentration on anthocyanin content and juice yield during enzymatic depectinization. Results indicated that the best factor combination was 50ºC during 1.3h and 4mg 100g-1 of LAFASE® CLARIFICATION and 8mg 100g-1 of LAFASE® HE GRAND CRU enzymatic complex concentration. Under these conditions, blueberry juice with 798.41±8.03mg of cyanidin-3-glucoside L-1 and a juice yield of 87% was obtained. The combination of the response surface and desirability function methodologies enabled the optimization of the blueberry juice during the depectinization step, in terms of anthocyanin content and juice yield. <br/><br/>Key words: blueberry juice, enzymatic depectinization, multiple response optimization.
520 ## - NOTA DE RESUMO
Nota de conteúdo <br/><br/>RESUMO - Para obter o suco de mirtilo com um alto teor de antioxidantes, é necessário realizar uma etapa de despectinização enzimática durante o processo. Esta etapa influenciará nas propriedades finais do suco de mirtilo, então, é necessário que as condições de operação sejam otimizadas. O objetivo deste trabalho foi avaliar os efeitos da temperatura, duração do tratamento e concentração do complexo enzimático na concentração de antocianinas e no rendimento do suco durante a despectinização enzimática. Os resultados indicaram que a melhor combinação de parâmetros foi de 50ºC, durante 1 à 3h e uma concentração de complexo enzimático de 4mg 100g-1 de LAFASE® CLARIFICATION e 8mg 100g-1 de LAFASE® HE GRAND CRU. Sob estas condições, foi obtido o suco de mirtilo com 798.41±8.03mg decianidina-3-glicosídeo L-1 e um rendimento de suco de 87%. A combinação das metodologias de superfície de resposta em função da preferência possibilitaram a otimização da despectinização do suco de mirtilo, em termos de teor de antocianinas e rendimento de suco.<br/><br/>Palavras-chave: suco de mirtilo, despectinização enzimática, otimização de múltiplas respostas.
650 ## - ASSUNTO - THESAGRO
Cabeçalho tópico ou nome geográfico MIRTILO
650 ## - ASSUNTO - THESAGRO
Cabeçalho tópico ou nome geográfico PROCESSAMENTO
650 ## - ASSUNTO - THESAGRO
Cabeçalho tópico ou nome geográfico SUCO DE FRUTA
650 ## - ASSUNTO - THESAGRO
Cabeçalho tópico ou nome geográfico ANTOCIANINA
650 ## - ASSUNTO - THESAGRO
Cabeçalho tópico ou nome geográfico RENDIMENTO
773 0# - ENTRADA ANALÍTICA
Host Biblionumber 2408
Registro do item 346530
Imprenta Santa Maria-RS Universidade Federal de Santa Maria - Centro de Ciências Rurais 1991
Outro identificador 2024-7201
Título Ciência Rural (Brazil)
ISSN 0103-8478 Versão online ISSN 1678-4596
Colação v. 47(4) p. 1-8; (2017)
Número de controle de registro BR2024004077
856 ## - ACESSO E ENDEREÇO ELETRÔNICO
Identificador uniforme de recurso - URI https://www.scielo.br/j/cr/a/BSYrrvPTmQg9nfCTfbpsHbx/?format=pdf&lang=en

Nenhum exemplar disponível.

BINAGRI

Telefone: (61)3218-2567/2388/3357/2097 - binagri@agro.gov.br

Ministério da Agricultura e Pecuária , Esplanada dos Ministérios, Bloco D, Anexo B, Brasília/DF, CEP: 70.043-900